000 01235nam a22002777a 4500
001 8459
003 FISKH
005 20260311124145.0
008 250915b cb ||||| |||| 00| 0 eng d
020 _a9781740897945
040 _aFISKH
_beng
_cFISKH
_dFISKH
050 _aPZ7
100 _aCoupe, Robert
245 _aSolar system /
_cBy Rpbert Coupe
260 _aSydney :
_bWeldon Owen Publishing ,
_c2008.
300 _a32 unnumbered pages :
_bcolor illustrations ;
_c23 cm .
490 _aTop Reader
_vStage 3
505 _aO
520 _aPaperback. Pub Date :2008-08-25 English McGrawHill Education Top readers is a series of beautifully designed. fact-based books. richly illustrated with a wealth of accurate. full-color illustrations. intriguing diagrams. cross-sections and cutaways. Top readers is a beautifully designed. full of informative books. Configure the book dizzying variety of color pictures. enjoy the visual feast. while allowing the reader with a lighthearted mood access to knowledge and information.
521 8 _a600
_bLexile estimate
521 8 _aO
_bRaz-Plus
650 _aAstronomy
_vNon-fiction
650 _aSpace Science
_vNon-fiction
942 _2ddc
_cBK
_n0
999 _c8459
_d8459